Top 128 Videogame in according to Metacritic - Statistics

General Stats
  • This quiz has been taken 88 times
  • The average score is 45 of 128
Answer Stats
Year Rating Hint Answer % Correct
2017 97 A vast and mysterious open world to explore. The Legend of Zelda: Breath of the Wild
92%
2000 95 A countdown to save the world. The Legend of Zelda: Majora's Mask
92%
1998 99 A hero of time travels between past and future to save Hyrule. The Legend of Zelda: Ocarina of Time
92%
2011 93 Embark on a quest to uncover the origins of the Master Sword, solving puzzles and battling dark forces in this motion-controlled adventure through the skies. The Legend of Zelda: Skyward Sword
92%
2023 96 A new adventure in Hyrule, uncovering ancient secrets and facing powerful foes. The Legend of Zelda: Tears of the Kingdom
92%
2003 96 Sail endless seas in search of lost lands. The Legend of Zelda: The Wind Waker
92%
2006 95 A hero torn between light and darkness. The Legend of Zelda: Twilight Princess
92%
2014 97 Three intertwined lives in a city of sin. Grand Theft Auto V
79%
2001 97 Where it all began: crime in 3D. Grand Theft Auto III
77%
2008 98 An immigrant seeks fortune amid crime and ambition. Grand Theft Auto IV
77%
2004 95 Violent streets in the '90s. Grand Theft Auto: San Andreas
77%
2009 93 Navigate the dangerous streets of Liberty City, engaging in crime, chaos, and cunning in a top-down adventure filled with action and intrigue. Grand Theft Auto: Chinatown Wars
75%
2002 95 Crime and glamour in the '80s. Grans Theft Auto: Vice City
75%
2010 95 An ex-outlaw seeks redemption in the Wild West. Red Dead Redemption
73%
2018 97 Outlaws in a Changing America. Red Dead Redemption II
73%
2007 97 A plumber explores galaxies to save Princess Peach. Super Mario Galaxy
71%
2010 97 New space adventures with inverted gravity. Super Mario Galaxy 2
71%
2011 93 Build and survive in a blocky world, crafting tools, exploring vast landscapes, and creating your own adventures in an open-ended sandbox environment. Minecraft
65%
2018 94 A fallen god seeks redemption with his son. God of War
60%
2005 94 Unleash rage and vengeance as a fallen god, battling through Greek mythology to overthrow the gods themselves and reshape your destiny. God of War
60%
2007 93 Unleash your vengeance as a god, battling through mythological realms to overthrow powerful enemies and challenge the very fate of the gods themselves. God of War II
60%
2022 94 A father and son face destiny in a world torn between gods and ancient legends. God of War: Ragnarok
60%
2011 95 A door leads to the solution. Portal 2
56%
2022 96 A door leads to the solution. Portal: companion collection
56%
2007 94 Intense military operations in realistic scenarios. Call of Duty 4: Modern Warfare
55%
2009 94 Join an elite squad in a high-stakes global conflict, facing intense warfare and covert operations that push the boundaries of modern combat. Call of Duty: Modern Warfare 2
55%
2004 95 The battle continues between humans and aliens. Halo 2
55%
2007 94 The epic conclusion to the trilogy, where humanity's fate hangs in the balance as you face an all-out war against alien forces and uncover a final secret that could change the universe. Halo 3
55%
2001 97 A soldier and his intergalactic destiny. Halo: Combat Evolved
55%
2022 96 An open world where every battle is a lesson. Elden Ring
51%
2024 94 A mysterious expansion filled with new challenges, lore, and adventures in a dark and enigmatic world. Elden Ring: Shadow of the Erdtree
51%
2001 94 Lead your team to victory with enhanced gameplay, strategy, and realistic football action. Madden NFL 2002
51%
2003 94 Take control of the field with dynamic gameplay, featuring the introduction of the game-breaking 'Playmaker Control' and a new level of strategy. Madden NFL 2004
51%
2005 96 Terror, mutations, and a dark village. Resident Evil 4
51%
2000 94 Survive a sinister outbreak on a remote island, unraveling a chilling story of family, betrayal, and biological horrors. Resident Evil Code: Veronica
51%
2009 96 A treasure hunter on the trail of legend. Uncharted 2: Among Thieves
51%
2016 93 Join treasure hunter Nathan Drake on his most personal adventure yet, solving puzzles and battling enemies across stunning landscapes in this action-packed, cinematic experience. Uncharted 4: A Thief's End
51%
2001 93 "Race through vibrant tracks, using power-ups and outmaneuvering opponents in this fast-paced kart racing game featuring iconic Mario characters. Mario Kart: Super Circuit
48%
2011 94 The night is long for the Dark Knight. Batman: Arkham City
47%
2000 94 A tale of love, adventure, and self-discovery in a magical world. Final Fantasy IX
47%
1998 96 A scientific experiment gone wrong. Half-Life
45%
2004 96 Resistance against an alien occupation. Half-Life 2
45%
2020 93 "Step into the immersive world of virtual reality, fighting against alien forces in a desperate bid to save humanity in this action-packed first-person shooter. Half-Life: Alyx
45%
2011 96 Freedom, dragons, and a prophecy to fulfill. The Elder Scrolls V: Skyrim
45%
2013 95 A journey between despair and hope. The Last of Us
41%
2007 96 Fear and philosophy under the sea. BioShock
40%
2013 94 Cities in the clouds and alternate realities. BioShock Infinite
40%
1998 94 A lone soldier faces a nuclear threat. Metal Gear Solid
40%
2001 96 Espionage, deceptions, and a preordained fate. Metal Gear Solid 2: Sons of Liberty
40%
2006 94 Espionage in the jungle during the Cold War. Metal Gear Solid 3: Subsistence
40%
2008 94 Metal Gear Solid 4: Guns of the Patriots
40%
2015 93 Embark on a journey of vengeance and discovery in an open-world, tactical action game where you command a private army and uncover the truth behind a global conspiracy. Metal Gear Solid V: The Phantom Pain
40%
1998 96 The ultimate racing experience with precision, realism, and a vast collection of cars. Gran Turismo
39%
1999 93 Experience the thrill of realistic racing with a vast selection of cars and tracks, pushing your skills to the limit in this iconic driving simulator. Gran Turismo 2
39%
2001 95 The evolution of racing simulation with enhanced graphics, physics, and a massive roster of cars and tracks. Gran Turismo 3: A-Spec
39%
2017 97 A special hat to travel anywhere. Super Mario Odyssey
39%
2010 96 A suicide mission in deep space. Mass Effect 2
36%
2012 93 The final battle for Earth begins as you unite galaxies, make tough choices, and lead a team of elite soldiers in an epic, action-packed RPG." Mass Effect 3
36%
2000 93 Experience the most immersive basketball simulation, featuring realistic gameplay, lifelike graphics, and all the teams and players from the NBA. NBA 2K1
36%
2003 94 Choose your path in a galaxy far, far away, where the force battles within and your decisions shape the fate of the Republic and its enemies. Star Wars: Knights of the Old Republic
36%
2018 93 Icons from various video game franchises clash in epic battles, featuring a vast roster of fighters, dynamic arenas, and thrilling multiplayer combat. Super Smash Bros: Ultimate
36%
2008 93 Survive in a post-apocalyptic wasteland, scavenging for resources, building alliances, and making choices that shape the future of a devastated world. Fallout 3
35%
2020 93 A journey between vengeance and redemption in a post-apocalyptic world where survival and humanity clash in an emotionally charged narrative. The Last of Us Part II
35%
2000 95 An epic adventure in a fantasy world rich with intrigue. Baldur's Gate II: Shadows of Amn
33%
1996 94 Build an empire from the ground up, making key decisions through history, from ancient times to the future, in a quest for global dominance. Sid Meier's Civilization II
33%
2005 94 Build an empire from the ground up, guiding your civilization through the ages to achieve dominance through diplomacy, warfare, and cultural influence. Sid Meier's Civilization IV
33%
2001 97 Even more extreme and fluid skateboarding. Tony Hawk's Pro Skater 3
33%
2002 94 Push the limits of skateboarding with new tricks, challenges, and a dynamic career mode. Tony Hawk's Pro Skater 4
33%
1998 96 Intense fights and iconic characters in a global tournament. Tekken 3
32%
2011 93 Uncover the mysteries behind a string of supernatural events while balancing daily life and battling shadows in this captivating RPG Persona 4 Golden
31%
2017 93 Phantom thieves steal corrupt hearts in a vibrant Tokyo, facing both societal struggles and supernatural battles in a stylish, turn-based RPG. Persona 5
31%
2020 95 Phantom thieves steal corrupted hearts in the Japanese metropolis. Persona 5 Royal
31%
2001 94 Stylish demon-slaying action with a rebellious hero and over-the-top combat. Devil May Cry
29%
2006 94 A hero emerges to save an empire from chaos. The Elder Scrolls IV: Oblivion
29%
2004 93 Join millions of players in this expansive online world where you can explore, battle, and form alliances in a fantasy realm filled with quests and danger. World of Warcraft
29%
1997 96 The license to kill in a classic multiplayer. GoldenEye 007
27%
2001 93 Embark on a charming RPG adventure with Mario, where you journey through a world made of paper, solving puzzles and battling enemies in turn-based combat. Paper Mario
25%
2024 94 A charming platformer with innovative controls, vibrant worlds, and a lovable robotic hero. Astro Bot
24%
2000 97 America's most beloved sport, like never before. NFL 2K1
24%
2003 93 Experience realistic soccer gameplay with advanced controls, strategic depth, and lifelike animations in this iconic sports simulation game. Pro Evolution Soccer 2
24%
2006 94 Survive a brutal war against monstrous creatures in a ravaged world, with intense cover-based shooting and gripping storytelling. Gears of War
23%
2008 93 Join a squad of hardened soldiers as they battle against a terrifying underground alien force in a gritty, action-packed third-person shooter. Gears of War 2
23%
2002 97 A lone hunter on a hostile planet. Metroid Prime
23%
1996 94 Enter a dark and brutal world where you battle through treacherous environments against terrifying enemies in fast-paced first-person shooter action. Quake
20%
2000 93 Engage in fast-paced, arena-based combat with players from around the world, using a wide array of weapons to dominate in this iconic multiplayer first-person shooter. Quake III Arena
20%
2010 93 Command powerful factions in an epic intergalactic conflict, using strategy and resource management to battle for control of the galaxy in this fast-paced real-time strategy game. Starcraft II: Wings of Liberty
20%
1999 98 Legendary warriors clash wielding mystical weapons. SoulCalibur
19%
2003 93 Engage in epic, weapon-based combat with a diverse cast of fighters, each with their unique abilities, in this visually stunning and fast-paced fighting game. SoulCalibur II
19%
1996 94 Venture into the depths of a dark, cursed world, battling demons and seeking to destroy an ancient evil that threatens all of humanity. Diablo
17%
2018 93 Challenge the gods of Olympus to escape from the underworld in this rogue-like dungeon crawler where each attempt brings new powers and enemies. Hades
17%
2005 94 Become a shadow in the night as a covert operative, using stealth, high-tech gadgets, and strategic thinking to prevent global disaster in this intense tactical thriller. Tom Clancy's Splinter Cell: Chaos Theory
16%
2004 93 Step into the shadows as a covert operative, facing high-stakes missions in a world of espionage, where every decision could change the course of global security. Tom Clancy's Splinter Cell: Pandora Tomorrow
16%
2013 93 Join Mario and friends in a colorful, 3D platforming adventure, navigating imaginative worlds and solving puzzles to save the Sprixie Kingdom. Super Mario 3D World
15%
2008 93 Join iconic characters from various universes in fast-paced, chaotic battles where every hit could send your opponent flying off the stage. Super Smash Bros. Brawl
13%
2008 95 Create, share, and explore imaginative worlds filled with endless possibilities. Little Big Planet
12%
2010 93 Form a virtual band with friends, playing a wide range of songs across various genres, using instruments like guitar, drums, and microphone in this music rhythm game. Rock Band 3
12%
2023 96 An epic adventure in a fantasy world filled with intrigue and destiny-shaping choices Baldur's Gate 3
9%
1998 94 Navigate the Land of the Dead as a travel agent for souls, unraveling a mystery with dark humor and a unique blend of adventure and noir. Grim Fandango
9%
2006 93 Embark on a mystical journey as the wolf-goddess Amaterasu, restoring life and beauty to a vibrant world through celestial powers and ancient art. Okami
9%
2000 97 Espionage, Future and Conspiracies. Perfect Dark
9%
2008 93 Manipulate time to solve puzzles in a visually stunning world, where every moment offers a new perspective on the story of love, regret, and redemption. Braid
8%
2000 94 A journey through parallel worlds to uncover a mystery that could change fate itself. Chrono Cross
8%
2007 96 A package with puzzles, action, and science.A package with puzzles, action, and science. The Orange Box
8%
2016 93 A boy escapes from a dark, dystopian world, navigating through a series of eerie environments and puzzles in this atmospheric and suspenseful platformer. INSIDE
7%
2000 94 Skate through a vibrant city, tagging walls and evading the police in a high-energy adventure filled with funky music and bold graffiti. Jet Set Radio (2000)
7%
2000 93 Conquer the world's most extreme snowboarding slopes, performing daring tricks and stunts while racing against opponents in this high-energy winter sports game. SSX
7%
2003 94 "Experience the classic adventure of Super Mario Bros. 3 with new features and updated graphics, as you guide Mario through challenging levels to rescue Princess Toadstool. Super Mario Advance 4: Super Mario Bros. 3
5%
2000 93 Set sail across a vast sky, explore floating islands, and battle air pirates in a classic RPG filled with adventure, treasure, and turn-based combat. Skies of Arcadia
4%
2003 93 Unleash spectacular action and defeat powerful enemies as a movie-hero-turned-superhero in this stylish, side-scrolling beat 'em up with slow-motion and fast-paced combat. Viewtiful Joe
4%
2006 93 Build and manage a subterranean fortress, battling against the forces of chaos while creating a rich, intricate world filled with stories of triumph and tragedy. Dwarf Fortress
3%
1999 93 Command your fleet in space, exploring vast 3D environments, managing resources, and engaging in tactical battles to uncover the secrets of your homeworld. Homeworld
3%
2024 94 Embark on a surreal journey where reality and fantasy intertwine, solving puzzles and battling foes in a world full of symbolic meaning and hidden truths. Metaphor: ReFantazio
3%
2005 94 Master the deadly art of ninjutsu as you battle through intense action and face off against powerful enemies in a quest for vengeance and honor. Ninja Gaiden Black
3%
2003 93 Hit the slopes in the ultimate snowboarding experience, performing insane tricks and racing down massive mountains in this thrilling winter sports game. SSX 3
3%
2009 93 Engage in intense, classic 2D battles with iconic fighters, mastering new moves and combos to claim victory in this legendary fighting game series. Street Fighter IV
3%
2002 93 "Step into the boots of a highly trained operative, executing stealth missions, solving high-stakes espionage challenges, and facing global threats in this tactical action game. Tom Clancy's Splinter Cell
3%
2002 94 Engage in strategic, precision-based combat with diverse fighters, mastering each character’s unique moves and tactics in this intense 3D fighting game. Virtua Fighter 4
3%
2003 93 Engage in deep and strategic 3D martial arts combat with a diverse roster of characters, each with their own unique fighting styles and techniques. Virtua Fighter 4: Evolution
3%
2004 94 Speed through dangerous roads, causing chaos and destruction in high-speed races where taking down opponents is as important as crossing the finish line. Burnout 3: Takedown
1%
2006 93 Lead your troops through intense World War II battles, using strategy, tactical maneuvering, and resource management to defeat powerful enemies on the battlefield. Company of Heroes
1%
2017 93 Embark on a rich, turn-based RPG adventure where magic, strategy, and deep storytelling intertwine, and your choices shape the fate of a war-torn world. Divinity: Original Sin II
1%
2002 95 Experience the intensity of American football with realistic gameplay, updated rosters, and strategic depth. Madden NFL 2003
1%
2010 93 Chase high scores in a neon-lit maze, gobbling pellets and avoiding ghosts in a fast-paced, exhilarating twist on the classic arcade game. Pac-Man Championship Edition DX
1%
2021 96 A haunting tale of love, tragedy, and reincarnation spanning centuries. The House in Fata Morgana - Dreams of the Revenants Edition
1%
2004 93 Engage in fast-paced, brutal multiplayer battles across futuristic arenas, with a wide array of weapons and game modes that push your combat skills to the limit. Unreal Tournament 2004
1%
1996 93 Race at mind-bending speeds in this futuristic anti-gravity racing game, featuring intense tracks, explosive weapons, and high-stakes competition. Wipeout XL
1%
2004 93 Compete in realistic and immersive soccer matches with teams from around the world, offering tight controls, strategic gameplay, and a variety of modes to enjoy. World Soccer Winning Eleven 7 International
1%
2009 93 A creative platform that allows users to create, edit, and share multimedia content, focusing on ease of use and collaborative features. Filipnote Studio
0%
No matching quizzes found
Score Distribution
Percent of People with Each Score
Percentile by Number Answered
Your Score History
You have not taken this quiz